000 00678nam a2200241 i 4500
001 16535
003 ES-MaACL
005 20230906151339.0
007 t|
008 001016s1997 sp ||||1| spa d
020 _a84-375-0440-6
080 _a340.114
100 1 _aRawls, John.
_995612
245 1 0 _aTeoría de la justicia /
_cJohn Rawls.
250 _a2ª ed., 1ª reimp.
260 _aMadrid :
_bFondo de Cultura Económica,
_c1997.
300 _a549 p. ;
_c23 cm.
490 1 _aSección de obras de filosofía
650 1 4 _aJusticia.
_914032
830 0 _aSección de obras de filosofía
_9178631
852 _aES-MaACL
_jL-23869
_bR.128718
999 _c16535
_d16535